[Event "Morbihan Ch "]
[Site "France"]
[Date "2012.10.27"]
[Round "1.18"]
[White "Biderbost, Marc"]
[Black "Le Garrec, Maxime"]
[Result "0-1"]
[WhiteElo "1390"]
[BlackElo "1648"]
[PlyCount "86"]
[EventDate "2012.10.??"]
[EventType "swiss"]
[EventRounds "7"]
[EventCountry "FRA"]
[SourceDate "2005.09.12"]

1. d4 b5 2. Nf3 e6 3. Bf4 Nf6 4. e3 a6 5. Bd3 Bb7 6. c3 c5 7. b3 cxd4 8. cxd4
Bb4+ 9. Nbd2 O-O 10. O-O Nc6 11. a3 Ba5 12. Bd6 Re8 13. b4 Bc7 14. Bxc7 Qxc7
15. h3 d6 16. Rc1 Qd7 17. Ne4 Nxe4 18. Bxe4 Ne7 19. Bxh7+ Kf8 20. Qd3 Bxf3 21.
Be4 Bxe4 22. Qxe4 Kg8 23. Rc2 Rac8 24. Rfc1 Rxc2 25. Rxc2 Rc8 26. Rxc8+ Qxc8
27. Qd3 Qc1+ 28. Kh2 Qc4 29. Qd2 Nd5 30. g4 Qc3 31. Qa2 Nb6 32. Kg3 d5 33. Kf3
Na4 34. h4 Qb2 35. Qxb2 Nxb2 36. e4 Nc4 37. exd5 exd5 38. Kf4 f6 39. g5 Kf7 40.
h5 fxg5+ 41. Kxg5 Nxa3 42. f4 Nc2 43. f5 Nxd4 0-1

[Event "Morbihan Ch "]
[Site "France"]
[Date "2012.10.27"]
[Round "1.19"]
[White "Potier, Pierre"]
[Black "Anciant, Yoran"]
[Result "1-0"]
[WhiteElo "1648"]
[BlackElo "1199"]
[PlyCount "65"]
[EventDate "2012.10.??"]
[EventType "swiss"]
[EventRounds "7"]
[EventCountry "FRA"]
[SourceDate "2005.09.12"]

1. e4 e5 2. Nf3 Nc6 3. Bc4 Nf6 4. d3 Bc5 5. h3 h6 6. O-O d6 7. c3 Be6 8. Bxe6
fxe6 9. Qb3 Qd7 10. Nbd2 O-O-O 11. Qc2 d5 12. b4 Bb6 13. b5 Ne7 14. Nxe5 Qe8
15. a4 c6 16. a5 Bc7 17. b6 Bxe5 18. bxa7 Kd7 19. d4 Bc7 20. e5 Ne4 21. Nb3 b6
22. axb6 Bxb6 23. Ra6 Kc7 24. Ba3 Ra8 25. Bd6+ Nxd6 26. exd6+ Kb7 27. Nc5+ Bxc5
28. dxc5 Kxa6 29. Qb3 Qd8 30. Ra1+ Qa5 31. Rxa5+ Kxa5 32. Qb4+ Ka6 33. Qb6# 1-0

[Event "Morbihan Ch "]
[Site "France"]
[Date "2012.10.27"]
[Round "1.20"]
[White "Le Pointer, Mélodine"]
[Black "Bezy, Bernard"]
[Result "0-1"]
[WhiteElo "1199"]
[BlackElo "1670"]
[PlyCount "72"]
[EventDate "2012.10.??"]
[EventType "swiss"]
[EventRounds "7"]
[EventCountry "FRA"]
[SourceDate "2005.09.12"]

1. e4 c5 2. Nf3 Nc6 3. Nc3 d6 4. Bc4 Bg4 5. d3 Ne5 6. Bb5+ Nc6 7. Bg5 Qb6 8.
O-O a6 9. Ba4 h6 10. Bh4 g5 11. Bg3 e6 12. Qd2 Bg7 13. Bxd6 O-O-O 14. h3 Bxf3
15. Qe3 Rxd6 16. Qxf3 Ne5 17. Qxf7 Nxf7 18. a3 Qxb2 19. Ne2 Qxa1 20. Rxa1 Bxa1
21. Be8 Ne5 22. c3 b5 23. d4 cxd4 24. Nxd4 Bxc3 25. Nb3 Nf6 26. Bxb5 axb5 27.
g3 Nxe4 28. f4 gxf4 29. gxf4 Nc4 30. Nc1 Rd1+ 31. Kg2 Rxc1 32. Kf3 Re1 33. h4
Nxa3 34. h5 Rg8 35. f5 Rg3+ 36. Kf4 e5# 0-1

[Event "Morbihan Ch "]
[Site "France"]
[Date "2012.10.27"]
[Round "1.21"]
[White "Rivalin, Patrick"]
[Black "Lucas Challier, Dylan"]
[Result "1-0"]
[WhiteElo "1623"]
[BlackElo "1199"]
[PlyCount "113"]
[EventDate "2012.10.??"]
[EventType "swiss"]
[EventRounds "7"]
[EventCountry "FRA"]
[SourceDate "2005.09.12"]

1. c4 e5 2. Nc3 Bc5 3. g3 b6 4. Bg2 Nc6 5. e3 Bb7 6. Nge2 Nf6 7. O-O Qe7 8. d4
Bb4 9. d5 Na5 10. a3 Bc5 11. b4 Bxb4 12. axb4 Nxc4 13. d6 Nxd6 14. Bxb7 Nxb7
15. Ba3 c5 16. bxc5 bxc5 17. Nd5 Nxd5 18. Qxd5 Rb8 19. Rfd1 d6 20. Nc3 O-O 21.
Nb5 Rfd8 22. Nxa7 Na5 23. Nc6 Nxc6 24. Qxc6 h6 25. Qd5 Rb6 26. Bxc5 Rb5 27. Ra8
Rxc5 28. Rxd8+ Qxd8 29. Qxc5 Qf6 30. Rxd6 Qe7 31. Qd5 Kh7 32. Rd7 Qb4 33. Qxf7
Qb1+ 34. Kg2 Qe4+ 35. Kh3 Qg6 36. Qxg6+ Kxg6 37. Kg4 h5+ 38. Kf3 Kf6 39. Ke4 g6
40. Rd6+ Ke7 41. Rxg6 Kf7 42. Rh6 Kg7 43. Rxh5 Kf6 44. Rxe5 Kg6 45. Kf4 Kf6 46.
h4 Kg6 47. h5+ Kh6 48. g4 Kg7 49. Kg5 Kf7 50. Rf5+ Ke6 51. h6 Ke7 52. h7 Ke6
53. h8=Q Ke7 54. Qg7+ Ke6 55. Qg6+ Ke7 56. Rf7+ Ke8 57. Qg8# 1-0

[Event "Morbihan Ch "]
[Site "France"]
[Date "2012.10.27"]
[Round "1.22"]
[White "Sellin, Alain"]
[Black "Ruello, Dylan"]
[Result "1-0"]
[WhiteElo "1620"]
[BlackElo "1199"]
[PlyCount "127"]
[EventDate "2012.10.??"]
[EventType "swiss"]
[EventRounds "7"]
[EventCountry "FRA"]
[SourceDate "2005.09.12"]

1. e4 e5 2. Nf3 Nc6 3. Bb5 Bc5 4. O-O Nge7 5. c3 O-O 6. d4 Bd6 7. Bg5 a6 8. Bd3
Qe8 9. d5 f6 10. Be3 Nd8 11. c4 b6 12. a3 Nb7 13. b4 c5 14. dxc6 dxc6 15. Bxb6
Ng6 16. Be3 Bg4 17. h3 Bd7 18. c5 Bc7 19. Nbd2 Qc8 20. Nh2 Nf4 21. Bxf4 exf4
22. Qh5 Be8 23. Qd1 Be5 24. Rb1 Qd8 25. Ndf3 Bh5 26. Qc2 Qd7 27. Rbd1 Qc7 28.
Qc4+ Bf7 29. Qc2 Nd8 30. Bc4 Ne6 31. Nxe5 fxe5 32. Nf3 Rfe8 33. Rd6 Rad8 34.
Rfd1 Qe7 35. Nxe5 Rc8 36. Nxf7 Qxf7 37. Qb3 Rcd8 38. Rxd8 Qe7 39. Bxe6+ Kh8 40.
Rxe8+ Qxe8 41. Bf5 g6 42. Qc3+ Kg8 43. Qc4+ Kg7 44. Qd4+ Kh6 45. Bg4 Kg5 46.
Qd8+ Qxd8 47. Rxd8 h5 48. Bd1 Kf6 49. Rd6+ Ke5 50. f3 g5 51. Bb3 g4 52. hxg4 h4
53. Rxc6 Kd4 54. Kf2 Kc3 55. Bd5 Kb2 56. Rxa6 Kc3 57. g5 Kd4 58. g6 Ke5 59. g7
Kd4 60. g8=Q Kc3 61. Ke2 Kb2 62. Kd2 Ka1 63. Kc2 h3 64. Qg7# 1-0

[Event "Morbihan Ch "]
[Site "France"]
[Date "2012.10.27"]
[Round "1.23"]
[White "Raoul, Joël"]
[Black "Cheneau, Alain"]
[Result "1-0"]
[WhiteElo "1260"]
[BlackElo "1040"]
[PlyCount "93"]
[EventDate "2012.10.??"]
[EventType "swiss"]
[EventRounds "7"]
[EventCountry "FRA"]
[SourceDate "2005.09.12"]

1. e4 e5 2. d4 f6 3. d5 d6 4. Nc3 Nd7 5. Nf3 Nc5 6. Be3 Ne7 7. a3 Ng6 8. b4 Nd7
9. Bd3 a6 10. O-O Be7 11. b5 O-O 12. h4 h5 13. Be2 Qe8 14. g3 Rb8 15. Nd2 Kf7
16. Bxh5 Rh8 17. Qg4 Nb6 18. Bxg6+ Kf8 19. Bxe8 Bxg4 20. Bg6 Rg8 21. Kg2 Rh8
22. Rh1 a5 23. a4 Nd7 24. f3 Bh5 25. Bf5 g6 26. Bxd7 Rd8 27. Be6 Rh7 28. g4 f5
29. exf5 gxf5 30. gxh5 Rxh5 31. Rag1 f4 32. Bf2 Bf6 33. Kf1 Ke7 34. Nde4 Rf8
35. Rg6 c6 36. Rhg1 cxd5 37. Bxd5 Rf5 38. Bxb7 Rb8 39. Bc6 Rf8 40. Nd5+ Ke6 41.
Nc7+ Ke7 42. Nxf6 R5xf6 43. h5 R6f7 44. Bh4+ Rf6 45. Nd5+ Kd8 46. Rg8 e4 47.
Rxf8# 1-0

[Event "Morbihan Ch "]
[Site "France"]
[Date "2012.11.10"]
[Round "2.1"]
[White "Georget, Patrice"]
[Black "Duplessy, Franck"]
[Result "0-1"]
[WhiteElo "1697"]
[BlackElo "2086"]
[PlyCount "88"]
[EventDate "2012.10.??"]
[EventType "swiss"]
[EventRounds "7"]
[EventCountry "FRA"]
[SourceDate "2005.09.12"]

1. d4 d5 2. c4 c6 3. Nf3 Nf6 4. Nc3 dxc4 5. e3 b5 6. Bd2 Bb7 7. a4 a6 8. Be2 e6
9. O-O Bb4 10. Re1 Nbd7 11. b3 cxb3 12. Qxb3 Bxc3 13. Bxc3 O-O 14. Bb4 Re8 15.
Bd6 Ne4 16. Bf4 g5 17. Bg3 Nxg3 18. hxg3 Qf6 19. Rec1 e5 20. dxe5 Nxe5 21. Nxe5
Qxe5 22. Bh5 Re6 23. Qd3 Rd6 24. Bxf7+ Kxf7 25. Qxh7+ Qg7 26. Qf5+ Rf6 27. Qd7+
Kg8 28. Rd1 Qxd7 29. Rxd7 Rf7 30. Rad1 Raf8 31. f4 gxf4 32. gxf4 c5 33. g4 c4
34. axb5 axb5 35. R7d6 Bf3 36. Rb1 Rb8 37. g5 Kg7 38. Kf2 Be4 39. Rb4 Rc7 40.
Ke1 Bg6 41. Rd4 c3 42. Kd1 c2+ 43. Kc1 Ra8 44. e4 Ra1+ 0-1

[Event "Morbihan Ch "]
[Site "France"]
[Date "2012.11.10"]
[Round "2.2"]
[White "Caderon, Michel"]
[Black "Loizil, Joel"]
[Result "1/2-1/2"]
[WhiteElo "2007"]
[BlackElo "1709"]
[PlyCount "61"]
[EventDate "2012.10.??"]
[EventType "swiss"]
[EventRounds "7"]
[EventCountry "FRA"]
[SourceDate "2005.09.12"]

1. e4 e5 2. Nf3 Nc6 3. Bb5 a6 4. Ba4 Nf6 5. O-O d6 6. Qe2 Be7 7. c3 O-O 8. d3
b5 9. Bc2 Rb8 10. Bg5 Ng4 11. Bc1 f5 12. Rd1 Nf6 13. h3 fxe4 14. dxe4 Kh8 15.
Nbd2 Qe8 16. Nf1 Nh5 17. a4 b4 18. a5 bxc3 19. bxc3 Nd8 20. Ng3 Nf4 21. Bxf4
exf4 22. Nf5 Bf6 23. Qc4 Qc6 24. Qxc6 Nxc6 25. N5d4 Ne5 26. Nxe5 Bxe5 27. Rab1
Bd7 28. Bd3 c5 29. Ne2 Bb5 30. c4 Ba4 31. Rxb8 1/2-1/2

[Event "Morbihan Ch "]
[Site "France"]
[Date "2012.11.10"]
[Round "2.3"]
[White "Trelohan, Henri"]
[Black "Salaün, Michel"]
[Result "0-1"]
[WhiteElo "1669"]
[BlackElo "2005"]
[PlyCount "70"]
[EventDate "2012.10.??"]
[EventType "swiss"]
[EventRounds "7"]
[EventCountry "FRA"]
[SourceDate "2005.09.12"]

1. c4 Nf6 2. Nc3 e5 3. g3 Nc6 4. Bg2 Bc5 5. Nf3 O-O 6. O-O d6 7. d3 Ng4 8. Na4
Bb6 9. Nxb6 axb6 10. Bd2 f5 11. e3 Bd7 12. b4 Qf6 13. h3 e4 14. hxg4 exf3 15.
g5 Qxg5 16. Bxf3 Ne5 17. Bd5+ Kh8 18. Qe2 Bc6 19. Bxc6 bxc6 20. d4 Nd7 21. Qf3
Nf6 22. Qxc6 Ne4 23. Be1 Rae8 24. Kg2 Re6 25. Rh1 h6 26. a4 f4 27. Qd5 f3+ 28.
Kg1 Qf6 29. a5 Nxg3 30. Rh3 Ne4 31. Qh5 Ng5 32. Rg3 bxa5 33. bxa5 c5 34. d5
Qxa1 35. Rxg5 Qxe1+ 0-1

[Event "Morbihan Ch "]
[Site "France"]
[Date "2012.11.10"]
[Round "2.4"]
[White "Le Corre, Yves"]
[Black "Peyre, Jean Jacques"]
[Result "1-0"]
[WhiteElo "1920"]
[BlackElo "1672"]
[PlyCount "93"]
[EventDate "2012.10.??"]
[EventType "swiss"]
[EventRounds "7"]
[EventCountry "FRA"]
[SourceDate "2005.09.12"]

1. d4 d5 2. c4 Nf6 3. cxd5 Nxd5 4. Nf3 Nc6 5. e4 Nb6 6. d5 Nb8 7. Nc3 a6 8. Be2
g6 9. O-O Bg7 10. Be3 N8d7 11. Qd2 O-O 12. Bh6 Nf6 13. Bxg7 Kxg7 14. Rfd1 Bg4
15. e5 Ne8 16. Qf4 Qc8 17. Rd4 Bxf3 18. Qxf3 f6 19. Rf4 Nd7 20. e6 Ne5 21. Qe3
Nd6 22. g4 g5 23. Rd4 c5 24. Rdd1 b5 25. b3 Ng6 26. Rac1 Nf4 27. Bf1 Rh8 28.
Ne4 Nxe4 29. Qxe4 h5 30. gxh5 Rxh5 31. Rc3 Rh4 32. Qf5 Qh8 33. h3 Ng6 34. Rxc5
Rf4 35. Qc2 Qh4 36. d6 g4 37. Rd3 Rf3 38. Bg2 Nf4 39. Rxf3 gxf3 40. Bxf3 Qxh3
41. Bxa8 Qg4+ 42. Kf1 Qh3+ 43. Ke1 Qxe6+ 44. Be4 Qxd6 45. Rc6 Qb4+ 46. Kf1 Qd4
47. Rc3 1-0

[Event "Morbihan Ch "]
[Site "France"]
[Date "2012.11.10"]
[Round "2.5"]
[White "Jolivel, Dominique"]
[Black "Marechal, Daniel"]
[Result "1-0"]
[WhiteElo "1896"]
[BlackElo "1650"]
[PlyCount "67"]
[EventDate "2012.10.??"]
[EventType "swiss"]
[EventRounds "7"]
[EventCountry "FRA"]
[SourceDate "2005.09.12"]

1. d4 d5 2. Bf4 e6 3. Nf3 Bd6 4. Bg3 Nf6 5. c3 Ne4 6. Nbd2 Nxg3 7. hxg3 Nd7 8.
e3 Nf6 9. Bd3 g6 10. Qe2 c6 11. O-O-O Qe7 12. e4 dxe4 13. Nxe4 Nxe4 14. Bxe4 f5
15. Bc2 Bd7 16. Rde1 O-O-O 17. Bb3 Rde8 18. Ne5 Bxe5 19. Qxe5 h5 20. Kb1 Rhf8
21. d5 Qf6 22. dxc6 Qxe5 23. cxd7+ Kxd7 24. Rxe5 Kd6 25. Rhe1 Rf6 26. f4 a6 27.
Rd1+ Kc7 28. Rd4 Re7 29. a4 b6 30. Bc4 a5 31. Kc2 Kc6 32. b4 axb4 33. cxb4 Rd7
34. Bb5+ 1-0

[Event "Morbihan Ch "]
[Site "France"]
[Date "2012.11.10"]
[Round "2.6"]
[White "Le Garrec, Maxime"]
[Black "Landais, Romain"]
[Result "0-1"]
[WhiteElo "1648"]
[BlackElo "1896"]
[PlyCount "102"]
[EventDate "2012.10.??"]
[EventType "swiss"]
[EventRounds "7"]
[EventCountry "FRA"]
[SourceDate "2005.09.12"]

1. e4 e5 2. Nf3 Nc6 3. Bb5 a6 4. Bxc6 bxc6 5. O-O d6 6. d4 exd4 7. Nxd4 Bb7 8.
Nc3 g6 9. Re1 Bg7 10. Nf3 Ne7 11. Bf4 O-O 12. Qd2 Re8 13. Bh6 Bh8 14. Rad1 c5
15. Qf4 Nc6 16. Bg5 f6 17. Bh6 Ne5 18. Nxe5 Rxe5 19. Qd2 Qd7 20. Bf4 Re7 21.
Nd5 Rf7 22. Qa5 Qb5 23. Qxb5 axb5 24. Ra1 f5 25. Bc1 fxe4 26. Nc3 Bxc3 27. bxc3
Bd5 28. g3 Ra4 29. Bf4 Bxa2 30. Re3 Bd5 31. Rd1 Bc6 32. Bh6 Rf5 33. f4 exf3 34.
Kf2 Re4 35. Rde1 Rxe3 36. Rxe3 Re5 37. Rxe5 dxe5 38. Bg5 Bd5 39. Bf6 e4 40. Ke3
Kf7 41. Bd8 c6 42. Bb6 c4 43. Kf2 Ke6 44. Bc5 Kf5 45. h3 Be6 46. h4 Ke5 47. Be3
Kd5 48. Ke1 c5 49. Kd2 b4 50. cxb4 cxb4 51. Kc1 Ke5 0-1

[Event "Morbihan Ch "]
[Site "France"]
[Date "2012.11.10"]
[Round "2.7"]
[White "Annetti, Laurent"]
[Black "Potier, Pierre"]
[Result "1-0"]
[WhiteElo "1875"]
[BlackElo "1648"]
[PlyCount "75"]
[EventDate "2012.10.??"]
[EventType "swiss"]
[EventRounds "7"]
[EventCountry "FRA"]
[SourceDate "2005.09.12"]

1. e4 e5 2. Nf3 Nc6 3. Bc4 Nf6 4. d4 d5 5. exd5 Nxd5 6. dxe5 Be6 7. Ng5 Qd7 8.
Nxe6 fxe6 9. Bxd5 O-O-O 10. O-O exd5 11. Re1 Re8 12. Bf4 Qf5 13. Bg3 Nxe5 14.
Nc3 c6 15. Qd4 Bd6 16. Qxa7 g5 17. Qd4 h5 18. h3 g4 19. h4 Rhf8 20. Re2 Qf6 21.
Kh1 Qf5 22. Rae1 Nf3 23. Rxe8+ Rxe8 24. Rxe8+ Kd7 25. Qg7+ Kxe8 26. Bxd6 Qe6
27. Qe7+ Qxe7 28. Bxe7 Kxe7 29. gxf3 gxf3 30. Kh2 Kf6 31. Kg3 Kf5 32. Kxf3 Ke5
33. Ne2 c5 34. Nf4 c4 35. Nxh5 d4 36. Nf4 b5 37. h5 Kf6 38. Ke4 1-0

[Event "Morbihan Ch "]
[Site "France"]
[Date "2012.11.10"]
[Round "2.8"]
[White "Bezy, Bernard"]
[Black "Pascot, Jean"]
[Result "0-1"]
[WhiteElo "1630"]
[BlackElo "1860"]
[PlyCount "48"]
[EventDate "2012.10.??"]
[EventType "swiss"]
[EventRounds "7"]
[EventCountry "FRA"]
[SourceDate "2005.09.12"]

1. c4 Nf6 2. Nc3 g6 3. g3 Bg7 4. Bg2 O-O 5. Nf3 d6 6. d4 c6 7. O-O Nbd7 8. e4
Rb8 9. Re1 Nh5 10. e5 dxe5 11. Nxe5 Nb6 12. b3 h6 13. Bf3 Nf6 14. Bxc6 bxc6 15.
Nxc6 Qc7 16. Nxb8 Qxb8 17. Rxe7 Bh3 18. Qf3 Qd8 19. Ba3 Re8 20. Rxe8+ Qxe8 21.
Qe3 Qa8 22. f3 Ng4 23. Qe4 Qxe4 24. Nxe4 Bxd4+ 0-1

[Event "Morbihan Ch "]
[Site "France"]
[Date "2012.11.10"]
[Round "2.9"]
[White "Guegan, Michel"]
[Black "Rivalin, Patrick"]
[Result "0-1"]
[WhiteElo "1855"]
[BlackElo "1623"]
[PlyCount "70"]
[EventDate "2012.10.??"]
[EventType "swiss"]
[EventRounds "7"]
[EventCountry "FRA"]
[SourceDate "2005.09.12"]

1. d4 d5 2. c4 c6 3. Nf3 Bf5 4. Nc3 e6 5. e3 Bb4 6. Bd2 Nf6 7. Nh4 Bg4 8. Nf3
O-O 9. h3 Bh5 10. g4 Bg6 11. Ne5 Bxc3 12. Bxc3 Ne4 13. h4 h6 14. Nxg6 fxg6 15.
f3 Qf6 16. cxd5 exd5 17. Bd3 Qxf3 18. Qxf3 Rxf3 19. Ke2 Rf2+ 20. Ke1 Rg2 21.
Be2 Rg3 22. Bd2 Nd7 23. b4 Nxd2 24. Kxd2 Re8 25. b5 Rgxe3 26. Rhe1 Nf6 27. Bd3
Rxe1 28. Rxe1 Rxe1 29. Kxe1 Nxg4 30. bxc6 bxc6 31. Ba6 Ne3 32. Bb7 Nc2+ 33. Kd2
Nxd4 34. Kd3 Nf3 35. Bxc6 Ne5+ 0-1

[Event "Morbihan Ch "]
[Site "France"]
[Date "2012.11.10"]
[Round "2.10"]
[White "Barton, Robin"]
[Black "Nicolas, Stephane"]
[Result "1-0"]
[WhiteElo "1522"]
[BlackElo "1800"]
[PlyCount "115"]
[EventDate "2012.10.??"]
[EventType "swiss"]
[EventRounds "7"]
[EventCountry "FRA"]
[SourceDate "2005.09.12"]

1. e4 c6 2. d4 Qc7 3. Nf3 g6 4. Bc4 Bg7 5. O-O d6 6. h3 b5 7. Bd3 e5 8. dxe5
dxe5 9. a4 b4 10. c3 a5 11. b3 c5 12. Bb2 Ba6 13. Bxa6 Nxa6 14. Qe2 Ne7 15.
Nbd2 O-O 16. Nc4 Nc6 17. Rfd1 bxc3 18. Bxc3 Nd4 19. Nxd4 cxd4 20. Bxa5 Qb7 21.
Rab1 Nc5 22. Qe1 Nxe4 23. f3 Ng5 24. Bd2 Nxf3+ 25. gxf3 Qxf3 26. Qf1 Qg3+ 27.
Qg2 Qh4 28. Bg5 Qh5 29. Qg4 Qxg4+ 30. hxg4 Rfe8 31. Nd6 Re6 32. Ne4 f6 33. Bd2
f5 34. Ng5 Rb6 35. gxf5 gxf5 36. Rf1 Rg6 37. Kh2 Rh6+ 38. Nh3 Rh5 39. Rg1 Kf7
40. Rg5 Rxg5 41. Nxg5+ Ke7 42. Rc1 Kd7 43. Rf1 h6 44. Rxf5 hxg5 45. Rf7+ Ke6
46. Rxg7 Rc8 47. Rxg5 Rc2 48. Rg2 e4 49. Be1 Rc1 50. Re2 Kd5 51. Bf2 d3 52. Rd2
Rc2 53. Rxc2 dxc2 54. Be3 Kc6 55. Kg3 Kd5 56. a5 Kc6 57. b4 Kb5 58. Kf4 1-0

[Event "Morbihan Ch "]
[Site "France"]
[Date "2012.11.10"]
[Round "2.11"]
[White "Hocher, Eugène"]
[Black "Sellin, Alain"]
[Result "1-0"]
[WhiteElo "1754"]
[BlackElo "1620"]
[PlyCount "110"]
[EventDate "2012.10.??"]
[EventType "swiss"]
[EventRounds "7"]
[EventCountry "FRA"]
[SourceDate "2005.09.12"]

1. Nf3 d5 2. d4 Nf6 3. c4 e6 4. a3 Be7 5. Bg5 Ne4 6. Bxe7 Qxe7 7. Nbd2 Nxd2 8.
Qxd2 O-O 9. cxd5 exd5 10. e3 a6 11. Bd3 Nd7 12. Rc1 Nf6 13. Qc2 c6 14. O-O Ne4
15. Ne5 f6 16. Bxe4 dxe4 17. Nc4 Bf5 18. Nd2 Bg6 19. Qc4+ Bf7 20. Qe2 f5 21.
Nc4 Bd5 22. Nb6 Rad8 23. Rc5 Qc7 24. Nxd5 Rxd5 25. Qc4 Rfd8 26. Rc1 Qd7 27. b4
Kh8 28. a4 Rxc5 29. bxc5 Qd5 30. Qb4 Rd7 31. g3 g5 32. Qb6 f4 33. Qa7 Kg7 34.
Rb1 Qf7 35. Qb8 Re7 36. Qc8 f3 37. Qg4 Kg6 38. h4 Qf5 39. Qxg5+ Qxg5 40. hxg5
Kxg5 41. Kh2 Kg4 42. Rh1 h5 43. Kg1 Rh7 44. Rh4+ Kf5 45. Rf4+ Ke6 46. Rxe4+ Kd5
47. Rf4 Kc4 48. Kf1 Kb4 49. d5+ Kxc5 50. dxc6 Kxc6 51. Rxf3 b5 52. Rf6+ Kb7 53.
axb5 axb5 54. Ke2 Rd7 55. Rf5 b4 1-0

[Event "Morbihan Ch "]
[Site "France"]
[Date "2012.11.10"]
[Round "2.12"]
[White "Pouliquen, Alain"]
[Black "Raoul, Joël"]
[Result "1-0"]
[WhiteElo "1720"]
[BlackElo "1260"]
[PlyCount "125"]
[EventDate "2012.10.??"]
[EventType "swiss"]
[EventRounds "7"]
[EventCountry "FRA"]
[SourceDate "2005.09.12"]

1. d4 d5 2. c4 e6 3. Nf3 Nf6 4. Bg5 Be7 5. e3 Ne4 6. Bxe7 Qxe7 7. Bd3 O-O 8.
O-O Nc6 9. a3 Bd7 10. Qc2 f5 11. b4 b6 12. Qb3 Qd6 13. Nc3 g6 14. Nb5 Qe7 15.
Nxc7 Rac8 16. Nb5 Qf6 17. cxd5 Ne7 18. Rac1 Bxb5 19. Bxb5 exd5 20. Ba6 Rxc1 21.
Rxc1 Kg7 22. Rc7 Qd6 23. Rxa7 Rf7 24. Ne5 Rf8 25. Rd7 Qe6 26. Bb7 Kh6 27. Qc2
Rg8 28. Qc7 Rg7 29. Nc6 Nf6 30. Rxe7 Qxe7 31. Qxe7 Rxe7 32. Nxe7 Kg5 33. Bxd5
Nxd5 34. Nxd5 h5 35. Nxb6 Kf6 36. a4 Ke6 37. a5 Kd6 38. a6 Kc7 39. a7 Kxb6 40.
a8=R Kb7 41. Rg8 Kb6 42. Kf1 Kb5 43. Ke2 Kxb4 44. Rc8 Kb5 45. Kd3 Kb6 46. Kc4
Kb7 47. Rc5 Kb6 48. Kb4 f4 49. Re5 Kc6 50. Kc4 h4 51. Re6+ Kd7 52. Rxg6 f3 53.
gxf3 Ke7 54. Kd5 Kf7 55. Ra6 Kg7 56. Ke5 Kf7 57. d5 Ke7 58. Ra7+ Kd8 59. Ke6
Kc8 60. Kd6 Kb8 61. Rh7 Kc8 62. Rg7 Kd8 63. Rg8# 1-0

[Event "Morbihan Ch "]
[Site "France"]
[Date "2012.11.10"]
[Round "2.13"]
[White "Lemoine, Norbert"]
[Black "Lagès, Michel"]
[Result "0-1"]
[WhiteElo "1498"]
[BlackElo "1917"]
[PlyCount "50"]
[EventDate "2012.10.??"]
[EventType "swiss"]
[EventRounds "7"]
[EventCountry "FRA"]
[SourceDate "2005.09.12"]

1. e4 c5 2. Nf3 Nc6 3. d4 cxd4 4. Nxd4 e6 5. f4 Bc5 6. Nxc6 bxc6 7. Bd3 Qb6 8.
Rf1 Ba6 9. Qg4 Bf8 10. Qe2 Bxd3 11. cxd3 Bb4+ 12. Nd2 Ne7 13. a3 Bxd2+ 14. Qxd2
d5 15. Qe3 Rb8 16. b4 Qxe3+ 17. Bxe3 Rb7 18. Bc5 Nc8 19. g4 Nb6 20. Bxb6 Rxb6
21. Ke2 Kd7 22. e5 Rhb8 23. Rab1 c5 24. Rb3 cxb4 25. Rfb1 bxa3 0-1

[Event "Morbihan Ch "]
[Site "France"]
[Date "2012.11.03"]
[Round "2.14"]
[White "Malry, Celia"]
[Black "Josse, Emmanuelle"]
[Result "1-0"]
[WhiteElo "1610"]
[BlackElo "1486"]
[PlyCount "117"]
[EventDate "2012.10.??"]
[EventType "swiss"]
[EventRounds "7"]
[EventCountry "FRA"]
[SourceDate "2005.09.12"]

1. c4 g6 2. e3 Bg7 3. g3 d6 4. Bg2 c6 5. d4 Nf6 6. Ne2 O-O 7. O-O d5 8. b3 Be6
9. c5 g5 10. Nbc3 Qc8 11. e4 h6 12. Qd3 Bh3 13. e5 Bxg2 14. exf6 Bxf1 15. fxg7
Kxg7 16. Kxf1 Qh3+ 17. Kg1 Nd7 18. Nd1 Nf6 19. Qf3 Qg4 20. Qxg4 Nxg4 21. Ne3
Nxe3 22. Bxe3 f5 23. Kh1 Kg6 24. Re1 Rae8 25. f4 g4 26. Nc1 Rf6 27. Nd3 Kh7 28.
Ne5 Rg8 29. Bd2 Re6 30. Nd7 Rxe1+ 31. Bxe1 Rd8 32. Ne5 a6 33. Ba5 Re8 34. Kg1
Kg7 35. Kf2 h5 36. Kg2 Rh8 37. Nd3 h4 38. Bc7 h3+ 39. Kf2 Re8 40. Be5+ Kf7 41.
Ke2 e6 42. Kd2 Ra8 43. Kc2 a5 44. Nb2 Ke7 45. Na4 Rc8 46. Bd6+ Kf7 47. Nb6 Rd8
48. Kc3 Ke8 49. Bc7 Rd7 50. Nxd7 Kxd7 51. Bxa5 Kc8 52. a4 Kb8 53. b4 Ka7 54. b5
cxb5 55. axb5 Kb8 56. c6 bxc6 57. bxc6 Kc8 58. Kb4 Kb8 59. Kc5 1-0

[Event "Morbihan Ch "]
[Site "France"]
[Date "2012.11.10"]
[Round "2.15"]
[White "Cheneau, Lionel"]
[Black "Le Coz, Yannick"]
[Result "0-1"]
[WhiteElo "1470"]
[BlackElo "1595"]
[PlyCount "128"]
[EventDate "2012.10.??"]
[EventType "swiss"]
[EventRounds "7"]
[EventCountry "FRA"]
[SourceDate "2005.09.12"]

1. e4 e5 2. a3 Bc5 3. Nf3 d6 4. Nc3 Bg4 5. Bc4 c6 6. h3 Bh5 7. g4 Bg6 8. d3 b5
9. Bb3 Qb6 10. O-O h6 11. Qe2 h5 12. Nh4 hxg4 13. Qxg4 Nf6 14. Qg3 Nh5 15. Qf3
Qc7 16. Nxg6 fxg6 17. Qg4 Nf6 18. Qxg6+ Kd8 19. Qg2 Qd7 20. Bg5 Qxh3 21. Qxh3
Rxh3 22. Kg2 Rh5 23. Bd2 Nbd7 24. Bf7 Rh8 25. Bg5 Ke7 26. Ba2 Rh5 27. Bd2 Rah8
28. Kf3 Rh3+ 29. Ke2 Rh2 30. Nd1 Ng4 31. Be1 Rf8 32. Kd2 Nxf2 33. Bxf2 Bxf2 34.
Kc1 Bh4 35. Rg1 g5 36. b4 Nf6 37. Ne3 Kd7 38. Rf1 Rf2 39. Kb2 Rxf1 40. Rxf1 Nh7
41. Rh1 Rf2 42. Bg8 Nf6 43. Bf7 Nxe4 44. Bg6 Ng3 45. Rh3 Ne2 46. Ng4 Rf8 47.
Rh1 Nf4 48. Be4 Ne6 49. c3 Rf4 50. Rg1 Nd8 51. Kb3 Ke6 52. Nh2 d5 53. Bg2 Kf5
54. Bh3+ Kg6 55. Ng4 Nf7 56. Ne3 Rf3 57. Bf5+ Rxf5 58. Nxf5 Kxf5 59. Rf1+ Ke6
60. Kc2 e4 61. Kd2 exd3 62. Kxd3 Ne5+ 63. Kd4 g4 64. Rh1 Bf2# 0-1

[Event "Morbihan Ch "]
[Site "France"]
[Date "2012.11.10"]
[Round "2.17"]
[White "Thebaut, Herve"]
[Black "Le Gal, Loïc"]
[Result "1-0"]
[WhiteElo "1454"]
[BlackElo "1537"]
[PlyCount "79"]
[EventDate "2012.10.??"]
[EventType "swiss"]
[EventRounds "7"]
[EventCountry "FRA"]
[SourceDate "2005.09.12"]

1. d4 e5 2. d5 Nf6 3. c4 Bb4+ 4. Bd2 Qe7 5. a3 Bxd2+ 6. Nxd2 a5 7. e4 a4 8.
Ngf3 c6 9. Bd3 Qc5 10. O-O d6 11. Bc2 b5 12. cxb5 cxb5 13. Rc1 O-O 14. Re1 Ng4
15. Qe2 Qb6 16. h3 Nf6 17. Bd3 Ba6 18. Rc2 Qa5 19. Rec1 Nbd7 20. Rc6 Nc5 21.
Rxd6 Nxd3 22. Qxd3 b4 23. Qc2 Rac8 24. Rc6 bxa3 25. Rxc8 axb2 26. Rxf8+ Kxf8
27. Qxb2 a3 28. Qxe5 a2 29. d6 Bb5 30. Qb2 Bd7 31. Nd4 g6 32. Ra1 Qg5 33. N2f3
Qf4 34. e5 Ne4 35. Rxa2 h5 36. Ra8+ Kg7 37. Ne2 Qf5 38. Qb8 g5 39. Qh8+ Kg6 40.
Rg8# 1-0

[Event "Morbihan Ch "]
[Site "France"]
[Date "2012.11.10"]
[Round "2.18"]
[White "Richeux, Guillaume"]
[Black "Agogue, Yann"]
[Result "0-1"]
[WhiteElo "1399"]
[BlackElo "1520"]
[PlyCount "122"]
[EventDate "2012.10.??"]
[EventType "swiss"]
[EventRounds "7"]
[EventCountry "FRA"]
[SourceDate "2005.09.12"]

1. e4 g6 2. d4 Bg7 3. Nf3 d6 4. c3 Nf6 5. Nbd2 Nbd7 6. e5 dxe5 7. dxe5 Ng4 8.
e6 fxe6 9. Ng5 Nde5 10. f4 Ne3 11. Qa4+ Nc6 12. Be2 Nxg2+ 13. Kf1 Ne3+ 14. Kf2
Nf5 15. Rd1 O-O 16. Bc4 Qd6 17. Ndf3 Qc5+ 18. Kf1 Ne3+ 19. Bxe3 Qxe3 20. Rd3
Qxf4 21. Qb5 Rf5 22. Bxe6+ Bxe6 23. Nxe6 Qxf3+ 24. Rxf3 Rxb5 25. Nxc7 Rxb2 26.
Nxa8 Rxh2 27. Kg1 Rc2 28. a4 Bxc3 29. Rb1 Bd4+ 30. Kf1 b6 31. a5 Nxa5 32. Rf4
e5 33. Rf6 Rc8 34. Re6 Rxa8 35. Rc1 Rf8+ 36. Ke2 Kg7 37. Re7+ Rf7 38. Re6 h6
39. Kd3 Nb3 40. Rc8 Nc5+ 41. Rxc5 bxc5 42. Ra6 h5 43. Ra2 Kh6 44. Ke4 h4 45.
Kd5 Kg5 46. Ke6 Rf4 47. Rxa7 c4 48. Rh7 Kg4 49. Rg7 g5 50. Kd5 c3 51. Ra7 h3
52. Ra1 h2 53. Kc4 Kg3 54. Kd3 Kg2 55. Kc2 h1=Q 56. Rxh1 Kxh1 57. Kc1 Rf2 58.
Kd1 Be3 59. Ke1 Rd2 60. Kf1 c2 61. Ke1 c1=Q# 0-1